[Event "World ol U16"]
[Site "Poprad"]
[Date "2016.07.23"]
[Round "3.4"]
[White "Tomcikova, Dominika"]
[Black "Liscinska, Lucia"]
[Result "1/2-1/2"]
[WhiteElo "1877"]
[BlackElo "1619"]
[PlyCount "78"]
[EventDate "2016.07.22"]
[EventType "team-swiss"]
[EventRounds "9"]
[EventCountry "SVK"]
[SourceTitle "EXT 2017"]
[Source "ChessBase"]
[SourceDate "2016.10.25"]
[SourceVersion "1"]
[SourceVersionDate "2016.10.25"]
[SourceQuality "1"]
[WhiteTeam "Slovakia II"]
[BlackTeam "Slovakia PSZ"]
[WhiteTeamCountry "SVK"]
[BlackTeamCountry "SVK"]

1. e4 e5 2. Nf3 Nc6 3. Bc4 Bc5 4. c3 Nf6 5. d3 d6 6. b4 Bb6 7. a4 a6 8. h3 h6 9. 0-0 Be6 10. Bxe6 fxe6 11. Nbd2 Qd7 12. Nc4 Ba7 13. Be3 g5 14. Nh2 Qg7 15. Ng4 h5 16. Nxf6+ Qxf6 17. Bxa7 Nxa7 18. f3 0-0 19. d4 exd4 20. Qxd4 Qxd4+ 21. cxd4 Nc6 22. Rfd1 Nxb4 23. Rab1 a5 24. Nxa5 Rxa5 25. Rxb4 b6 26. Rc1 Rf7 27. Kf2 Kg7 28. Ke3 Kf6 29. g3 Rg7 30. Rbc4 Ra7 31. f4 gxf4+ 32. Kxf4 c5 33. Rb1 cxd4 34. Rxb6 e5+ 35. Kf3 Ke6 36. Rb3 Rgf7+ 37. Ke2 Ra6 38. Rf3 Rxf3 39. Kxf3 d5 1/2-1/2

[Event "SVK-ch U16/20 Girls"]
[Site "Liptovsky Mikulas"]
[Date "2016.04.22"]
[Round "8"]
[White "Liscinska, Lucia"]
[Black "Cibikova, Sofia Anna"]
[Result "0-1"]
[WhiteElo "1623"]
[BlackElo "1691"]
[PlyCount "126"]
[EventDate "2016.04.16"]
[EventType "swiss"]
[EventRounds "9"]
[EventCountry "SVK"]
[SourceTitle "CBM 172 Extra"]
[Source "ChessBase"]
[SourceDate "2016.06.21"]
[SourceVersion "1"]
[SourceVersionDate "2016.06.21"]
[SourceQuality "1"]

1. f4 d5 2. Nf3 Nf6 3. e3 g6 4. b3 Bg7 5. Bb2 0-0 6. Be2 c5 7. c4 b6 8. cxd5 Qxd5 9. Nc3 Qd8 10. Ne5 Bb7 11. Bf3 Qc7 12. 0-0 Bxf3 13. Rxf3 Nc6 14. Nxc6 Qxc6 15. f5 Ne4 16. Qc2 Rfd8 17. d3 Nxc3 18. Bxc3 Bxc3 19. Qxc3 Rd6 20. Raf1 f6 21. fxg6 hxg6 22. e4 Rd4 23. Rh3 Rad8 24. Qd2 g5 25. Qe2 Qe8 26. Rff3 Qg6 27. Re3 b5 28. Rhf3 c4 29. bxc4 bxc4 30. dxc4 g4 31. Rf1 Rd2 32. Qe1 Rxa2 33. Re2 Ra4 34. c5 Rc8 35. Qc3 Kg7 36. e5 f5 37. e6+ Qf6 38. Qc2 Qd4+ 39. Kh1 Rxc5 40. Qb1 Qb4 41. Qd3 Qd4 42. Qg3 Ra1 43. Ree1 Rxe1 44. Rxe1 Ra5 45. h3 Ra1 46. Rxa1 Qxa1+ 47. Kh2 Qd4 48. hxg4 fxg4 49. Qb3 Qe5+ 50. g3 Kf6 51. Qa2 a5 52. Qa4 Qh5+ 53. Kg1 Qc5+ 54. Kh1 Qb4 55. Qa1+ Kxe6 56. Qa2+ Kd6 57. Qc2 a4 58. Qd3+ Ke5 59. Kh2 Qb2+ 60. Kh1 Qd4 61. Qa3 e6 62. Kh2 Qf2+ 63. Kh1 Qf3+ 0-1

[Event "SVK-ch U16/20 Girls"]
[Site "Liptovsky Mikulas"]
[Date "2016.04.17"]
[Round "2"]
[White "Nadzamova, Sofia"]
[Black "Liscinska, Lucia"]
[Result "1/2-1/2"]
[WhiteElo "1796"]
[BlackElo "1623"]
[PlyCount "38"]
[EventDate "2016.04.16"]
[EventType "swiss"]
[EventRounds "9"]
[EventCountry "SVK"]
[SourceTitle "CBM 172 Extra"]
[Source "ChessBase"]
[SourceDate "2016.06.21"]
[SourceVersion "1"]
[SourceVersionDate "2016.06.21"]
[SourceQuality "1"]

1. d4 Nf6 2. c4 c5 3. d5 b5 4. e3 Qa5+ 5. Bd2 b4 6. Bd3 g6 7. Nf3 Bg7 8. Qc1 d6 9. h3 Ba6 10. e4 Nbd7 11. 0-0 Qc7 12. Bh6 0-0 13. Bxg7 Kxg7 14. Re1 Bb7 15. Nbd2 Kh8 16. Nf1 Nh5 17. g4 Ng7 18. Ng3 f6 19. Qd2 Ne5 1/2-1/2

[Event "SVK-ch U14 Girls"]
[Site "Stara Lubovna"]
[Date "2014.04.12"]
[Round "7"]
[White "Liscinska, Lucia"]
[Black "Nadzamova, Sofia"]
[Result "1/2-1/2"]
[WhiteElo "1579"]
[BlackElo "1609"]
[PlyCount "30"]
[EventDate "2014.04.05"]
[EventType "swiss"]
[EventRounds "7"]
[EventCountry "SVK"]
[SourceTitle "EXT 2016"]
[Source "ChessBase"]
[SourceDate "2015.10.08"]
[SourceVersion "1"]
[SourceVersionDate "2015.10.08"]
[SourceQuality "1"]

1. f4 c5 2. Nf3 Nc6 3. e3 Nf6 4. b3 b6 5. Bb2 Bb7 6. Be2 d5 7. 0-0 e6 8. Ng5 h6 9. Nh3 Bd6 10. d3 Ne7 11. Qe1 Nf5 12. Qf2 Rh7 13. d4 g5 14. fxg5 hxg5 15. Bb5+ Nd7 1/2-1/2

[Event "SVK-ch U14 Girls"]
[Site "Lubovna"]
[Date "2013.04.08"]
[Round "4"]
[White "Liscinska, Lucia"]
[Black "Simon, Dora"]
[Result "1-0"]
[WhiteElo "1509"]
[BlackElo "1159"]
[PlyCount "29"]
[EventDate "2013.04.06"]
[EventType "tourn"]
[EventRounds "9"]
[EventCountry "SVK"]
[SourceTitle "CBM 153 Extra"]
[Source "ChessBase"]
[SourceDate "2013.04.22"]
[SourceVersion "1"]
[SourceVersionDate "2013.04.22"]
[SourceQuality "1"]

1. e4 e5 2. Nf3 Nc6 3. Bc4 Bc5 4. 0-0 Nf6 5. d3 0-0 6. Bg5 d6 7. h3 Re8 8. Nc3 Nd4 9. Nd5 Be6 10. Nxf6+ gxf6 11. Bh6 d5 12. exd5 Bxd5 13. Nxd4 Bxd4 14. Qg4+ Kh8 15. Qg7# 1-0

[Event "EU-ch U12 Girls"]
[Site "Prague"]
[Date "2012.08.19"]
[Round "3"]
[White "Liscinska, Lucia"]
[Black "Nazarova, Anastasia"]
[Result "0-1"]
[WhiteElo "1491"]
[BlackElo "1693"]
[PlyCount "50"]
[EventDate "2012.08.17"]
[EventType "swiss"]
[EventRounds "9"]
[EventCountry "CZE"]
[SourceTitle "CBM 150 Extra"]
[Source "ChessBase"]
[SourceDate "2012.10.19"]
[SourceVersion "1"]
[SourceVersionDate "2012.10.19"]
[SourceQuality "1"]

1. e4 c5 2. Nf3 Nc6 3. d4 cxd4 4. Nxd4 g6 5. Nc3 Bg7 6. Be3 Nf6 7. f3 0-0 8. Bc4 Qb6 9. Rb1 Ng4 10. fxg4 Bxd4 11. Bxd4 Qxd4 12. Qe2 Ne5 13. Bb3 d6 14. Rd1 Qb4 15. h3 Be6 16. a3 Qa5 17. Bxe6 fxe6 18. Kd2 Qb6 19. Kc1 Rf2 20. Qe1 Raf8 21. Rg1 Nc4 22. Na4 Qc6 23. Nc3 Qc5 24. Rd3 b5 25. Na2 Rxc2+ 0-1

[Event "Liptovsky Mikulas CupT U20"]
[Site "Liptovsky Mikulas"]
[Date "2012.06.22"]
[Round "1.4"]
[White "Liscinska, Lucia"]
[Black "Kerdik, Adam"]
[Result "0-1"]
[WhiteElo "1486"]
[BlackElo "1952"]
[PlyCount "74"]
[EventDate "2012.06.22"]
[EventType "team-swiss"]
[EventRounds "9"]
[EventCountry "SVK"]
[SourceTitle "CBM 149 Extra"]
[Source "ChessBase"]
[SourceDate "2012.08.24"]
[SourceVersion "1"]
[SourceVersionDate "2012.08.24"]
[SourceQuality "1"]
[WhiteTeam "Presov Slavia"]
[BlackTeam "Liptov Chess School"]
[WhiteTeamCountry "SVK"]
[BlackTeamCountry "SVK"]

1. e4 c5 2. Nf3 e6 3. d4 cxd4 4. Nxd4 a6 5. Nc3 Qc7 6. Be2 Nf6 7. Be3 Bb4 8. Qd3 Nxe4 9. Bd2 Nxd2 10. Qxd2 Nc6 11. Nf3 d5 12. a3 Bd6 13. 0-0 Ne5 14. h3 0-0 15. Rac1 Nxf3+ 16. Bxf3 Bh2+ 17. Kh1 Bf4 18. Qd3 Bxc1 19. Rxc1 Bd7 20. Qd2 Rac8 21. Kg1 Qa5 22. Qe2 Rxc3 23. bxc3 Qxc3 24. Rb1 Bb5 25. Qd1 Rc8 26. Be2 Bxe2 27. Qxe2 b5 28. Qd3 Qxc2 29. Qxc2 Rxc2 30. a4 Rc5 31. Kf1 Kf8 32. axb5 Rxb5 33. Ra1 a5 34. Ke2 Ke7 35. Ra2 Kd6 36. Kd3 e5 37. f3 f5 0-1

[Event "SVK-ch U12 Girls"]
[Site "Lubovnianske Kupele"]
[Date "2012.03.24"]
[Round "7"]
[White "Liscinska, Lucia"]
[Black "Ucekajova, Veronika"]
[Result "1-0"]
[WhiteElo "1510"]
[BlackElo "1335"]
[PlyCount "71"]
[EventDate "2012.03.17"]
[EventType "swiss"]
[EventRounds "7"]
[EventCountry "SVK"]
[SourceTitle "CBM 147 Extra"]
[Source "ChessBase"]
[SourceDate "2012.04.24"]
[SourceVersion "1"]
[SourceVersionDate "2012.04.24"]
[SourceQuality "1"]

1. e4 e6 2. d4 d5 3. Nc3 Nf6 4. Bg5 Be7 5. e5 Nfd7 6. Bxe7 Qxe7 7. Bd3 a6 8. Nf3 0-0 9. h4 f6 10. Qe2 b6 11. g4 c5 12. exf6 Nxf6 13. 0-0-0 c4 14. Nxd5 Nxd5 15. Bxc4 Qd6 16. Ne5 b5 17. Bd3 Nb4 18. Be4 Ra7 19. a3 Nd5 20. h5 Qe7 21. Qd3 Qg5+ 22. Kb1 h6 23. Bh7+ Kh8 24. Ng6+ Kxh7 25. Nxf8+ Kg8 26. Ng6 Qxg4 27. Rdg1 Qf5 28. Qg3 Rc7 29. Rc1 Rf7 30. Qxb8 e5 31. Qxe5 Qxe5 32. dxe5 Rxf2 33. Rcd1 Bb7 34. Rhf1 Rh2 35. Rf8+ Kh7 36. Rh8# 1-0

[Event "SVK-ch U12 Girls"]
[Site "Lubovnianske Kupele"]
[Date "2012.03.21"]
[Round "4"]
[White "Liscinska, Lucia"]
[Black "Vrtiakova, Anna"]
[Result "1/2-1/2"]
[WhiteElo "1510"]
[BlackElo "1623"]
[PlyCount "60"]
[EventDate "2012.03.17"]
[EventType "swiss"]
[EventRounds "7"]
[EventCountry "SVK"]
[SourceTitle "CBM 147 Extra"]
[Source "ChessBase"]
[SourceDate "2012.04.24"]
[SourceVersion "1"]
[SourceVersionDate "2012.04.24"]
[SourceQuality "1"]

1. e4 e5 2. Nf3 Nc6 3. Bc4 Nf6 4. d4 exd4 5. 0-0 Nxe4 6. Re1 d5 7. Bxd5 Qxd5 8. Nc3 Qd8 9. Nxe4 Be7 10. Bf4 0-0 11. h3 d3 12. Qxd3 Qxd3 13. cxd3 Nb4 14. Red1 c6 15. d4 Bf5 16. Ng3 Be6 17. a3 Nd5 18. Be3 Nxe3 19. fxe3 Rad8 20. Ne4 Bd5 21. Ned2 h6 22. Rac1 Rfe8 23. Re1 Bxf3 24. Nxf3 Bf6 25. Rcd1 Rd7 26. Rd2 Rde7 27. Rde2 Rd7 28. Rd2 Rde7 29. Rde2 Rd7 30. Rd2 Rde7 1/2-1/2

[Event "SVK-ch U12 Girls"]
[Site "Lubovnianske Kupele"]
[Date "2012.03.19"]
[Round "3"]
[White "Liscinska, Lucia"]
[Black "Krivkova, Adriana"]
[Result "0-1"]
[WhiteElo "1510"]
[BlackElo "1555"]
[PlyCount "100"]
[EventDate "2012.03.17"]
[EventType "swiss"]
[EventRounds "7"]
[EventCountry "SVK"]
[SourceTitle "CBM 147 Extra"]
[Source "ChessBase"]
[SourceDate "2012.04.24"]
[SourceVersion "1"]
[SourceVersionDate "2012.04.24"]
[SourceQuality "1"]

1. e4 d5 2. exd5 Nf6 3. Nf3 Nxd5 4. d4 Bg4 5. Be2 Nc6 6. c3 e6 7. Nbd2 Qd7 8. Nc4 f6 9. Bd2 0-0-0 10. 0-0 g5 11. a4 h5 12. h4 Bxf3 13. Bxf3 gxh4 14. Bxh5 Bh6 15. Bg4 Bxd2 16. Qxd2 f5 17. Bh3 Rdg8 18. Ne3 Rg6 19. Nxd5 Qxd5 20. Kh1 Rhg8 21. Rg1 Ne5 22. Qe2 Ng4 23. f3 Nh6 24. Qe5 Qxe5 25. dxe5 Kd7 26. b4 Nf7 27. f4 Ke7 28. Rad1 Rg3 29. c4 Rd8 30. Rb1 Rdd3 31. Rgc1 Rd4 32. a5 Ra3 33. Kh2 Rxf4 34. Rf1 Rxc4 35. Rf3 Rxf3 36. gxf3 Nxe5 37. Rb3 Nxf3+ 38. Rxf3 Rxb4 39. Bg2 Ra4 40. Rc3 Rxa5 41. Rxc7+ Kf6 42. Rxb7 e5 43. Kh3 e4 44. Kxh4 Ke5 45. Kg3 Ra3+ 46. Kf2 Kf4 47. Rb4 a5 48. Rc4 Ra2+ 49. Kf1 a4 50. Bh3 a3 0-1